| 000 | 00728nam a22002415i 4500 | ||
|---|---|---|---|
| 001 | 177438 | ||
| 003 | ES-MaACL | ||
| 005 | 20250814085126.0 | ||
| 008 | 110323s2011 sp ap |||| | spa d | ||
| 020 | _a978-84-614-6199-8 | ||
| 080 | _a791.223.1:791.43 | ||
| 100 | 1 |
_aClaramonte, Jordi. _9145817 |
|
| 245 | 1 | 0 |
_aDesacoplados _b: estética y política del western / _cJordi Claramonte. |
| 250 | _a1ª ed. | ||
| 260 |
_a[Madrid] : _bPapel de Fumar, _c[2011] |
||
| 300 |
_a103 p. : _bil. bl. y n. ; _c20 cm. |
||
| 490 | 1 | _aInfumables | |
| 650 | 7 |
_aCine del Oeste _2embne _9145820 |
|
| 650 | 4 |
_aCine- _xFilosofía. _9166914 |
|
| 830 | 1 |
_aInfumables _9224187 |
|
| 852 |
_aES-MaACL _j2305-F-10 |
||
| 999 |
_c177438 _d177438 |
||